Adaptívny databázový systém poskytovania študijných materiálov občanom s ohraničenými možnosťami bakalárska práca

Saved in:
Bibliographic Details
Main Author: Heizerová, Hana
Corporate Author: Fakulta hospodárskej informatiky EU. Katedra aplikovanej informatiky
Other Authors: Kultan, Jaroslav, 1960-
Format: Book
Language:Slovak
Published: Bratislava 2021
Tags: Add Tag
No Tags, Be the first to tag this record!

MARC

LEADER 00000nbm a2200000 4500
001 0276249
005 20220317105023.5
041 0 |a slo 
044 |a SK 
245 1 0 |a Adaptívny databázový systém poskytovania študijných materiálov občanom s ohraničenými možnosťami  |b bakalárska práca  |c Hana Heizerová ; školiteľ: Jaroslav Kultan 
264 1 |a Bratislava  |c 2021 
300 |a 59 s. 
100 1 |a Heizerová, Hana 
700 1 |a Kultan, Jaroslav, 1960- 
710 2 |a Fakulta hospodárskej informatiky EU. Katedra aplikovanej informatiky